000 00855nam a2200289 4500
003 OSt
005 20260601193525.0
008 260506b1987 sp a|||| |||| 00| 0 spa d
020 _a8432956120
040 _aICI
_bspa
_cICI
041 _aspa
050 _aHE9723
_bC67
100 1 _aCosta, Joan,
_eautor
_935630
245 1 _aSenalética :
_bde la senalización al diseño de programas /
_cJoan Costa
264 _aBarcelona :
_bEdiciones CEAC,
_c1987
300 _a256 páginas :
_bilustraciones
336 _atexto
_2rdacontent
337 _asin medio
_2rdamedia
338 _avolumen
_2rdacarrier
490 0 _aEnciclopedia del diseño
500 _aLibro FUNDAMENTAL del Tema !!!
650 _aCarteles
_935631
650 _aComunicación visual
_935632
650 _aArtes gráficas
_935633
650 _aSímbolos
_935634
942 _2lcc
_cB
_n1
999 _c21155
_d21155